| 000 | 00546nam a22001577a 4500 | ||
|---|---|---|---|
| 008 | 230529b |||||||| |||| 00| 0 eng d | ||
| 040 |
_aNational Science Library _cNational Science Library |
||
| 080 |
_aR 016:39+301 _bK3 |
||
| 100 | _aPearsall, Marion | ||
| 245 |
_aMedical behavioral science: _bA selected bibliography of cultural anthropology, social psychology and sociology in medicine |
||
| 260 |
_aUS: _bUniversity of Kentucky Press, _c1963 |
||
| 300 | _aviii, 134p. | ||
| 650 | _aBibliography | ||
| 653 | _aScience | ||
| 942 |
_2udc _cREF |
||
| 999 |
_c36139 _d36139 |
||